[Event "Oregon inv"]
[Site "Portland"]
[Date "2018.09.16"]
[Round "4"]
[White "Tobin, Sean"]
[Black "Deeth, Steven B"]
[Result "1/2-1/2"]
[WhiteElo "2001"]
[BlackElo "2019"]
[PlyCount "55"]
[EventDate "2018.09.14"]
[EventType "tourn"]
[EventRounds "9"]
[EventCountry "USA"]
[SourceTitle "EXT 2024"]
[Source "ChessBase"]
[SourceDate "2023.10.10"]
[SourceVersion "1"]
[SourceVersionDate "2023.10.10"]
[SourceQuality "1"]

1. d4 d5 2. Nf3 Nf6 3. b4 Bf5 4. Bf4 e6 5. a3 Bd6 6. Bg3 h6 7. e3 Qe7 8. Nbd2 Nbd7 9. Bd3 Bxd3 10. cxd3 Bxg3 11. hxg3 c6 12. Nb3 e5 13. dxe5 Nxe5 14. Nxe5 Qxe5 15. Qc2 0-0 16. d4 Qg5 17. Nd2 Rfe8 18. Nf3 Qg4 19. Ne5 Qe6 20. 0-0 Ne4 21. Nd3 Nd6 22. Rfe1 a6 23. Rab1 Nc4 24. Qc3 Qe7 25. Nb2 Nd6 26. Nd3 Nc4 27. Nb2 Nd6 28. Nd3 1/2-1/2

[Event "Oregon-ch"]
[Site "Portland"]
[Date "2017.02.11"]
[Round "1"]
[White "Deeth, Steven B"]
[Black "Russell, Corey J"]
[Result "1-0"]
[WhiteElo "2075"]
[BlackElo "2092"]
[PlyCount "99"]
[EventDate "2017.02.11"]
[EventType "tourn"]
[EventRounds "9"]
[EventCountry "USA"]
[SourceTitle "EXT 2024"]
[Source "ChessBase"]
[SourceDate "2023.10.10"]
[SourceVersion "1"]
[SourceVersionDate "2023.10.10"]
[SourceQuality "1"]

1. d4 Nf6 2. c4 g6 3. Nc3 Bg7 4. e4 d6 5. f3 Nc6 6. Be3 a6 7. Qd2 Rb8 8. Rc1 0-0 9. Nge2 Bd7 10. Nd1 Ne8 11. Nf2 e5 12. d5 Ne7 13. g3 f5 14. Bg2 c5 15. dxc6 Bxc6 16. 0-0 Nf6 17. Nc3 b5 18. b3 b4 19. Nd5 Nexd5 20. cxd5 Bb5 21. Rfe1 Nh5 22. Nh3 f4 23. gxf4 Bd7 24. fxe5 Bxh3 25. Bxh3 Bxe5 26. Be6+ Kh8 27. Bd4 Qf6 28. Bxe5 Qxe5 29. Rc4 Rxf3 30. Qd4 Nf4 31. Qxe5+ dxe5 32. Bg4 Rc3 33. Rc1 h5 34. R1xc3 bxc3 35. Bd1 Kg7 36. Rxc3 Kf6 37. Kf2 Kg5 38. Kg3 h4+ 39. Kf2 Rb4 40. Rc4 Rb6 41. a3 Rf6 42. Bf3 Nd3+ 43. Ke2 h3 44. Rc6 Rf4 45. Rc3 Nb2 46. Rc2 Nd1 47. Rc6 a5 48. a4 Nb2 49. Re6 Rf8 50. d6 1-0

[Event "Oregon Invitational"]
[Site "Portland"]
[Date "2016.02.14"]
[Round "8"]
[White "Jacobi, Gunther J"]
[Black "Deeth, Steven B"]
[Result "0-1"]
[WhiteElo "1959"]
[BlackElo "2081"]
[PlyCount "106"]
[EventDate "2016.02.06"]
[EventType "tourn"]
[EventRounds "9"]
[EventCountry "USA"]
[SourceTitle "EXT 2018"]
[Source "ChessBase"]
[SourceDate "2017.10.13"]
[SourceVersion "1"]
[SourceVersionDate "2017.10.13"]
[SourceQuality "1"]

1. d4 d5 2. Bf4 Nf6 3. e3 c5 4. c3 Nc6 5. h3 Qb6 6. Qb3 c4 7. Qxb6 axb6 8. Nf3 Bf5 9. Nbd2 h6 10. Be2 e6 11. 0-0 Be7 12. Ne5 0-0 13. Rfe1 Nxe5 14. dxe5 Nd7 15. e4 Bg6 16. exd5 exd5 17. Nf3 Nc5 18. Nd4 Ne6 19. Be3 Bc5 20. Red1 Rfd8 21. a3 Bxd4 22. Rxd4 Nxd4 23. Bxd4 b5 24. Re1 Re8 25. Bf3 Rad8 26. Re3 Bf5 27. g4 Bd3 28. h4 g5 29. Bg2 Re6 30. h5 Be4 31. Rxe4 dxe4 32. Bxe4 f6 33. Bxb7 fxe5 34. Be3 Kg7 35. Be4 Red6 36. Kg2 Rd2 37. Bf5 Rxb2 38. Kf3 Rb3 39. Ke4 Kf6 40. Bb6 Rd1 41. Bc7 Re1+ 42. Kd5 Rxa3 43. Bd8+ Kg7 44. Kc5 Rxc3 45. Kxb5 Rcc1 46. Ba5 Re2 47. f3 c3 48. Kb4 Re3 49. Be4 Rd1 50. Kb3 Rxe4 51. fxe4 Rd4 52. Bxc3 Rxe4 53. Kc2 Kf6 0-1

[Event "Oregon-ch"]
[Site "Portland"]
[Date "2015.02.15"]
[Round "8"]
[White "Deeth, Steven B"]
[Black "Seitzer, Phillip M"]
[Result "1/2-1/2"]
[WhiteElo "2096"]
[BlackElo "2069"]
[PlyCount "64"]
[EventDate "2015.02.07"]
[EventType "tourn"]
[EventRounds "9"]
[EventCountry "USA"]
[SourceTitle "EXT 2017"]
[Source "ChessBase"]
[SourceDate "2016.10.25"]
[SourceVersion "1"]
[SourceVersionDate "2016.10.25"]
[SourceQuality "1"]

1. d4 d5 2. c4 c6 3. Nc3 Nf6 4. e3 e6 5. Nf3 Nbd7 6. Bd3 dxc4 7. Bxc4 b5 8. Bd3 Bb7 9. a3 b4 10. Ne4 Nxe4 11. Bxe4 Qb6 12. 0-0 Nf6 13. Bd3 c5 14. axb4 cxb4 15. Qe2 Be7 16. Bb5+ Kf8 17. Bd3 g6 18. e4 Kg7 19. Qe3 h6 20. b3 a5 21. Ne5 Ne8 22. Bb2 Qd8 23. f4 f6 24. Nf3 Qd7 25. d5 exd5 26. e5 d4 27. Qe1 Bxf3 28. Rxf3 f5 29. Rg3 Bh4 30. Rxg6+ Kxg6 31. Qxh4 Kh7 32. Re1 Rf8 1/2-1/2

[Event "Clark Harmon Memorial 7th"]
[Site "Portland"]
[Date "2013.04.14"]
[Round "4"]
[White "Deeth, Steven B"]
[Black "Pitre, Hanniegn G"]
[Result "1-0"]
[WhiteElo "2110"]
[BlackElo "1867"]
[PlyCount "69"]
[EventDate "2013.04.13"]
[EventType "swiss"]
[EventRounds "5"]
[EventCountry "USA"]
[SourceTitle "EXT 2017"]
[Source "ChessBase"]
[SourceDate "2016.10.25"]
[SourceVersion "1"]
[SourceVersionDate "2016.10.25"]
[SourceQuality "1"]

1. d4 Nf6 2. c4 g6 3. Nc3 d5 4. cxd5 Nxd5 5. e4 Nxc3 6. bxc3 Bg7 7. Qa4+ Nc6 8. Nf3 0-0 9. Bg5 Bd7 10. Qa3 Bg4 11. Be2 h6 12. Be3 b6 13. 0-0 Bxf3 14. gxf3 e5 15. d5 Na5 16. c4 f5 17. Bd2 fxe4 18. fxe4 Nb7 19. Qg3 Kh7 20. Rae1 Nc5 21. Bg4 Rf4 22. Bxf4 exf4 23. Qxf4 Nd3 24. Qg3 Nxe1 25. Rxe1 Qg5 26. f4 Bd4+ 27. Kh1 Qe7 28. e5 Qc5 29. Qd3 Rf8 30. f5 gxf5 31. Bxf5+ Kh8 32. Qh3 Kg7 33. Qg4+ Kf7 34. Qg6+ Ke7 35. Qe6+ 1-0